| 000 | 01626nam a22003857a 4500 | ||
|---|---|---|---|
| 001 | 3504587 | ||
| 003 | OSt | ||
| 005 | 20210422052143.0 | ||
| 008 | 950508s1995 vaua b 001 0 eng c | ||
| 010 | _a 95009346 | ||
| 020 | _a1567930328 (alk. paper) | ||
| 040 |
_aDNLM/DLC _cDLC _dDLC |
||
| 050 | 0 | 0 |
_aRA394.8 _b.A94 1995 |
| 060 | 1 | 0 | _aW 84 AA1 A9q 1995 |
| 080 |
_a614 _bA-93 |
||
| 082 | 0 | 0 |
_a362.1/068 _220 |
| 100 | 1 |
_aAustin, Charles J., _d1957- |
|
| 245 | 1 | 0 |
_aQuantitative analysis for health services administration / _cCharles J. Austin, Stuart B. Boxerman ; with contributions by Tee H. Hiett. |
| 260 |
_aArlington, VA : _bAUPHA Press ; _aAnn Arbor, Mich. : _bHealth Administration Press, _c1995. |
||
| 300 |
_axviii, 333 p. : _bill. (some col.) ; _c24 cm. |
||
| 500 | _aThis book is designed to be used with a basic computer software package in the field of quantitative decision analysis. | ||
| 504 | _aIncludes bibliographical references and index. | ||
| 650 | 0 |
_aHealth services administration _xMathematical models. |
|
| 650 | 0 |
_aHealth services administration _xStatistical methods. |
|
| 650 | 0 | _aOperations research. | |
| 650 | 1 | 2 |
_aHealth Services _x organization & administration _zUnited States . |
| 650 | 2 | 2 | _aDecision Making, Organizational. |
| 650 | 2 | 2 | _aManagement Information Systems. |
| 653 | _aჯანდაცვა | ||
| 700 | 1 | _aBoxerman, Stuart B. | |
| 700 | 1 | _aHiett, Tee H. | |
| 906 |
_a7 _bcbc _corignew _d1 _eocip _f19 _gy-gencatlg |
||
| 942 |
_2udc _cBK |
||
| 999 |
_c763 _d763 |
||